000 006100000a22001810004500
090 _aAR
_b03029
245 1 0 _aFaune dendrophile néotropicale V. Seconde revue des Proctolabin ae Amazoniens et Guyanais (<Orthopteres, Acrididae>)
650 1 4 _aInsectos
_992622
650 1 4 _aEntomología
_94483
650 1 4 _aDistribución geográfica
_992997
650 1 4 _aTaxonomía animal
_98245
650 1 4 _aMorfología animal
_99953
651 4 _pAmérica del Sur
_992749
041 0 _aFrancés
100 1 _aDescamps, Marius
_996618
942 _cARTICULO
773 1 _tAnnals Society Entomology
_31167
_h1
_q19-47
_d1980
_g16
999 _c12086
_d12086